| 000 | 02417nam a2200625 i 4500 | ||
|---|---|---|---|
| 001 | 15211 | ||
| 003 | KOSZ 005 | ||
| 005 | 20240405063022.0 | ||
| 008 | 200404s1973 pl f 000 0 pol | ||
| 015 | _aUWD 1973/2913 | ||
| 035 | _a991034795729705066 | ||
| 035 | _a(PL-WaBN)b19363308-48omnis_nlop | ||
| 035 | _ab19363308 | ||
| 035 | _a(OCoLC)838917183 | ||
| 035 | _a(PL)b0000001936330 | ||
| 035 | _a(EXLNZ-48OMNIS_NETWORK)9910055946105606 | ||
| 040 |
_aWA N _cWA N _dKOSZ 005/RW |
||
| 041 | 0 |
_apol _beng _brus |
|
| 045 |
_bd1945 _bd1989 |
||
| 046 | _k1973 | ||
| 080 | _a640-027.551(438) | ||
| 080 | _a643/645(438) | ||
| 080 | _a(083.41) | ||
| 100 | 1 |
_aSzkurłatowski, Zygmunt _d(1930- ) _eAutor |
|
| 245 | 1 | 0 |
_aWyposażenie gospodarstw domowych w niektóre dobra trwałego użytku na terenie LGOM-u i w Polsce na tle krajów RWPG / _cZygmunt Szkurłatowski, Witold Leszek Wilczewski. |
| 260 |
_aWrocław : _bWydawnictwo Politechniki Wrocławskiej, _c1973. |
||
| 300 |
_a58 stron ; _c24 cm. |
||
| 336 |
_aTekst _btxt _2rdacontent |
||
| 337 |
_aBez urządzenia pośredniczącego _bn _2rdamedia |
||
| 338 |
_aWolumin _bnc _2rdacarrier |
||
| 380 | _aKsiążki | ||
| 380 | _aPublikacje naukowe | ||
| 388 | _a1901-2000 | ||
| 388 | _a1945-1989 | ||
| 490 | 1 |
_aPrace Naukowe Instytutu Nauk Społecznych Politechniki Wrocławskiej. Monografie, _x0324-9506 ; _vnr 4 |
|
| 500 | _aNumeracja serii głównej: 7 | ||
| 504 | _aBibliografia na stronach 53-54. | ||
| 546 | _aStreszczenie w języku angielskim i rosyjskim. | ||
| 648 | 7 |
_a1901-2000 _2DBN |
|
| 648 | 7 |
_a1945-1989 _2DBN |
|
| 650 | 7 | _aWyposażenie mieszkań | |
| 651 | 7 |
_aLegnicko-Głogowski Okręg Miedziowy _2DBN |
|
| 651 | 7 | _aPolska | |
| 655 | 7 |
_aDane statystyczne _2DBN |
|
| 655 | 7 | _aMonografia | |
| 658 | _aSocjologia i społeczeństwo | ||
| 650 | 7 |
_aGospodarstwo domowe _2DBN |
|
| 700 | 1 |
_aWilczewski, Witold _eAutor |
|
| 710 | 2 |
_aOficyna Wydawnicza Politechniki Wrocławskiej _4pbl |
|
| 830 | 0 |
_aPrace Naukowe Instytutu Nauk Społecznych Politechniki Wrocławskiej _v7 |
|
| 830 | 0 |
_aPrace Naukowe Instytutu Nauk Społecznych Politechniki Wrocławskiej. _pMonografie _v4 |
|
| 856 |
_uhttp://koha.tu.koszalin.pl/cgi-bin/koha/opac-detail.pl?biblionumber=15211 _yKatalog online BPK |
||
| 942 |
_2UKD _cKS |
||
| 999 |
_c15211 _d15211 |
||